From civil disobedience to quit India: Gandhi and the freedom movement in Punjab and Haryana 1932-1942 (Record no. 223448)

MARC details
000 -LEADER
fixed length control field 00438nam a2200145Ia 4500
008 - FIXED-LENGTH DATA ELEMENTS--GENERAL INFORMATION
fixed length control field 230917s9999||||xx |||||||||||||| ||und||
040 ## - CATALOGING SOURCE
-- 97256
Original cataloging agency VIVEKANANDA LIBRARY
041 ## - Language
-- English
082 ## - DDC NUMBER
Classification number 954.5 M294F
100 ## - MAIN ENTRY--PERSONAL NAME
Personal name Malhotra, S L
245 #0 - TITLE STATEMENT
Title From civil disobedience to quit India: Gandhi and the freedom movement in Punjab and Haryana 1932-1942
260 ## - PUBLICATION, DISTRIBUTION, ETC. (IMPRINT)
Place of publication, distribution, etc Chandigarh
Name of publisher, distributor, etc Punjab University
Date of publication, distribution, etc 1979
300 ## - PHYSICAL DESCRIPTION
Pages xii, 188 p.
942 ## - ADDED ENTRY ELEMENTS (KOHA)
Koha item type Books
Holdings
Withdrawn status Lost status Damaged status Not for loan Location (home branch) Sublocation or collection (holding branch) Date acquired Koha issues (times borrowed) Koha full call number Accession No. Koha date last seen Koha item type
        VIVEKANANDA LIBRARY VIVEKANANDA LIBRARY 04/09/2003 1 954.5 M294F 89873 26/12/2025 Books
© Designed and Maintained by Vivekananda Library, MDU Rohtak